Bundesligisten nach Einwohner der Stadt - Statistiken

Allgemein
  • Dieses Quiz wurde 172 mal gespielt
  • Das Durchschnittsergebnis liegt bei 13 aus 18
Antwortstatistiken
Einwohnerzahl Verein % Korrekt
3.662.381 Union Berlin
99%
1.488.719 Bayern München
91%
749.596 Eintracht Frankfurt
83%
1.851.596 FC St. Pauli
82%
601.343 Borussia Dortmund
79%
608.013 RB Leipzig
75%
613.111 VfB Stuttgart
75%
50.471 1. FC Heidenheim
70%
37.283 TSG 1899 Hoffenheim
69%
129.347 VfL Wolfsburg
67%
584.332 Werder Bremen
67%
236.236 SC Freiburg
66%
223.871 1. FSV Mainz 05
64%
298.972 FC Augsburg
59%
251.751 Holstein Kiel
58%
167.850 Bayer Leverkusen
57%
357.024 VfL Bochum
57%
267.667 Borussia Mönchengladbach
55%
Keine übereinstimmenden Quizze gefunden
Verteilung der Resultate
Anzahl Personen mit jedem Resultat
Perzentil nach korrekt beantworteten Fragen
Ihre Resultats-Entwicklung
Sie haben dieses Quiz noch nicht gespielt